01167 a2200181 45000010006000000050017000060080041000230030015000640400040000790800093001192450105002120200022003172640096003393000019004355050367004541000029008218560135008502733520260407155549.0260407a2013 arg spa dAR-UNSa-BCEJYS aAR-UNSa-BCEJYSbspacAR-UNSa-BCEJYS a339.92xCooperación económica internacional. Integración económica internacional10aSistemas de innovación en Centroaméricapfortalecimiento a través de la integración regional a978-92-1-221107-7 1aSantiago de Chile :bCEPAL (Comisión Económica para América Latina y el Caribe)c2013 a211 p.c22 cm. a1. Sistemas de innovación - 2. Sistemas nacionales de innovación en Centroamérica - 3. Un enfoque sectorial: sistemas agroproductivos de innovación en Centroamérica - 4. Lecciones de la integración europea en políticas de ciencia, tecnología e innovación - 5. Conclusiones y estrategias para fortalecer la CTI mediante la integración regional1 aPadilla Pérez, Ramón41uhttps://biblioeco.unsa.edu.ar/pmb/images/libros/Sistemas de innovaci?n en Centroam?rica-l119727.jpgyImagen de portadaqimage/jpeg